000
00280nam a22001337a 4500
008
170406b xxu||||| |||| 00| 0 eng d
020
_a
0891892052
041
_a
eng
080
_a
575
100
_a
9
101
_a
SHM
245
_a
IMUNOLOGY ATLAS
_c
TUBBS.R..R
942
_2
udc
_c
BK
999
_c
9933
_d
9933